00575nam a2200145Ia 4500008004100000245016800041260002600209260000900235300000900244650002600253650001200279856004600291999001900337952007300356170516s9999 xx 000 0 und d aSevere complications with irreversible electroporation of the pancreas in the presence of a metallic stent: a warning of a procedure that never should be performed bActa Radiologica Open c2014 a3:11 xRadiologic Technology xRadtech uhttp://journals.sagepub.com/toc/arra/3/11 c332816d332816 001040aCLbCLd2017-05-16l0r2017-05-16 00:00:00w2017-05-16yFOJ